01019 2200193 4500001002100000005001500021035002000036245007800056100002400134250001700158300002800175260003100203082001200234084001800246020002200264650001600286520047800302500004500780INLIS00000000000014820240509092221 a0010-05240000701 aPemuda Beriman, Raja Dzu Nuwas, dan Parit Berkobar /cRirin Astutiningrum0 aRirin Astutiningrum acetakan ke-1 a36 hlm :bilus ;c24 cm aSolo :bTiga Ananda,c2017 a297.092 a297.092 RIR p a978-602-366-306-4 4aReligi Anak aDahulu, Yaman dipimpin oleh Raja Dzu Nuwas yang sombong. Kekuasaan membuatnya lupa diri. Ia ingin disembah sebagai tuhan. Tak ada rakyat yang berani melawannya. Hingga suatu saat ada seorang pemuda beriman yang menentang Raja Dzu Nuwas. Pemuda itu tak mau menyembahnya. Bahkan, banyak rakyat yang akhirnya beriman kepada Allah karena pemuda itu. Memangnya apa saja yang telah dilakukan pemuda itu? Mengapa pula ia berani menentang kehendak sang raja? Baca yuk di buku ini! aseri kisah-kisah dahsyat dalam al qur'an